Bas-saksofon i druge priče o džezu /

Hlavní autor: Škvorecký, Josef, 1924-2012
Jazyk: Bosenština
Vydáno: Beograd : Prosveta, 1986
Edice: Prosveta
Fyzický popis: 223 stran ; 8°
Knihy
Uloženo v:
LEADER 00968nam a22003012i 4500
001 001516218
003 CZ BrMZK
005 20160627151305.0
007 ta
008 160314s1986 rb er|||||||||||bos d
040 |a ABA001  |b cze  |c ABA001  |d ABA001  |d BOA001  |e rda 
041 1 |a bos  |h cze 
080 9 |a 885.0-32(081)=861 
100 1 |a Škvorecký, Josef,  |d 1924-2012  |7 jk01130413  |4 aut 
240 1 0 |a Hořkej svět.  |l Chorvatsky 
245 1 0 |a Bas-saksofon i druge priče o džezu /  |c Josef Škvorecký ; prev. Aleksandr Ilić 
264 1 |a Beograd :  |b Prosveta,  |c 1986 
300 |a 223 stran ;  |c 8° 
336 |a text  |b txt  |2 rdacontent 
337 |a bez média  |b n  |2 rdamedia 
338 |a svazek  |b nc  |2 rdacarrier 
490 1 |a Prosveta ;  |v knj. 43 
500 |a Přeloženo z češtiny 
830 0 |a Prosveta 
910 |a BOA001  |b M2-0927.332 
990 |a BK 
991 |b 201603 
996 7 |b 2619147509  |c M2-0927.332  |l MZK  |r Sklad / do 24 hodin  |n 0  |w 001551469  |u 000010  |a 1  |e BOA001  |j MZK50  |s A